name these cities from pictures - Statistics

General Stats
  • This quiz has been taken 31 times
  • The average score is 7 of 11
Answer Stats
Picture Answer % Correct
London
100%
New York
100%
Rome
92%
Paris
88%
Moscow
77%
Florence
73%
St petersburg
65%
Dublin
35%
Bilbao
31%
Lisbon
31%
Kiev
27%
No matching quizzes found
Score Distribution
Percent of People with Each Score
Percentile by Number Answered
Your Score History
You have not taken this quiz